| 000 | 00343pam a2200145 a 4500 | ||
|---|---|---|---|
| 020 |
_a9789350902783 _c |
||
| 041 | _h | ||
| 082 |
_a617.3 _bKHA |
||
| 100 | _aKHATRI S.M. | ||
| 245 |
_aBASIC OF ORTHOPEDIC PHYSIOTHERAPY _hTextual Documents |
||
| 250 | _a1. | ||
| 260 |
_bJAYPEE BROTHERS MEDICAL PUB. _c2013 |
||
| 930 | _a6438 | ||
| 999 |
_c800965 _d800965 |
||
| 650 | _aORTHO | ||